000 01285cam a22002531i 4500
003 SA-RiAUC
005 20250929080624.0
008 250922s1999 su a g f01010 ara c
040 _aOQUL
_bara
_cSA-RiAUC.
_erda
082 0 4 _a252.509
_qSA-RiAUC
090 _a252.509
_bس ع و
110 1 _aالسعودية.
_bوزارة الحج
_eمؤلف.
245 1 2 _aالحج في مائة عام :
_bكتاب وثائقي بمناسبة مرور مائة عام على تأسيس المملكة العربية السعودية /
_cوزارة الحج.
246 3 _aالحج في 100 عام :
_bكتاب وثائقي بمناسبة مرور 100 عام على تأسيس المملكة العربية السعودية
246 3 _aالحج في مئة عام :
_bكتاب وثائقي بمناسبة مرور مئة عام على تأسيس المملكة العربية السعودية
264 1 _aالرياض ؛
_aمكة المكرمة :
_bوزارة الحج،
_c1999.
300 _a239 صفحة :
_bإيضاحيات ؛
_c24 سم
336 _aنص
_btxt
_2rdacontent
_3كتاب
337 _aبدون وسيط
_bn
_2rdamedia
338 _aمجلد
_bnc
_2rdacarrier
650 7 _aالحج
_xتاريخ
_2aucsh
942 _2ddc
_cBOOK
_n0
949 _aSA-JeALM
_d250922
_umohamedma123
_n1
999 _c12180
_d12180